Construcción y arquitectura (Registro nro. 5501)

Detalles MARC
000 -CABECERA
Longitud fija campo de control 01124nam a2200313 i 4500
005 - • FECHA Y HORA DE LA ÚLTIMA TRANSACCIÓN
Fecha y hora de la última transacción 20220317000942.0
007 - • CAMPO FIJO DE DESCRIPCIÓN FÍSICA
Campo fijo de descripción física ta
008 - • CÓDIGOS DE INFORMACIÓN DE LONGITUD FIJA
Códigos de información de longitud fija 300320s2009 sp a gr 000 0 spa d
020 ## - • NÚMERO INTERNACIONAL NORMALIZADO PARA LIBROS
Número Internacional Normalizado para Libros (ISBN) 9788434225060
040 ## - FUENTE DE LA CATALOGACIÓN
Centro catalogador de origen CO-BoRNBP
Lengua de catalogación spa
Centro transcriptor CO-BoRNBP
Normas de descripción rda
041 0# - • CÓDIGO DE LENGUA
Código de lengua del texto/banda sonora o título independiente spa
082 04 - • NÚMERO DE LA CLASIFICACIÓN DECIMAL DEWEY
Número de clasificación (R) 690
Número del ítem R62c
Número de edición 23
100 1# - • PUNTO DE ACCESO PRINCIPAL-NOMBRE DE PERSONA
Nombre de persona Rodríguez, Alicia,
Fechas asociadas al nombre 1935-
Término indicativo de función autor
245 10 - • TITULO PROPIAMENTE DICHO
Título Construcción y arquitectura
Mención de responsabilidad, etc. textos y ejercicios Alicia Rodríguez ; colaboradores Agustín González y Anna Claret ; editor Jesús Araújo
250 ## - • MENCIÓN DE EDICIÓN
Mención de edición Novena edición
264 #1 - PRODUCCIÓN, PUBLICACIÓN , DISTRIBUCIÓN, FABRICACIÓN Y COPYRIGHT
Lugar de producción, publicación, distribución, fabricación Barcelona
Nombre del productor, editor, distribuidor, fabricante Parramón
Fecha de de producción, publicación, distribución, fabricación o copyright 2014
300 ## - • DESCRIPCIÓN FÍSICA
Extensión 48 páginas
Otras características físicas ilustraciones a color
Dimensiones 28 cm
336 ## - TIPO DE CONTENIDO
Término de tipo de contenido texto
Código de tipo de contenido txt
Fuente rdacontent
337 ## - TIPO DE MEDIO
Nombre del tipo de medio sin mediación
Código del tipo de medio n
Fuente rdamedia
338 ## - TIPO DE SOPORTE
Nombre del tipo de soporte volumen
Código del tipo de soporte nc
Fuente rdacarrier
490 0# - • MENCIÓN DE SERIE
Mención de serie Pequeño ingeniero
500 ## - • NOTA GENERAL
Nota general Incluye glosario
505 1# - • NOTA DE CONTENIDO CON FORMATO
Nota de contenido con formato Prácticas de construcción -- Prácticas de arquitectura -- Orientaciones didácticas
650 17 - • PUNTO DE ACCESO ADICIONAL DE MATERIA - TÉRMINO DE MATERIA
Término de materia o nombre geográfico como elemento inicial Artesanías
Fuente del encabezamiento o término ARMARC
650 17 - • PUNTO DE ACCESO ADICIONAL DE MATERIA - TÉRMINO DE MATERIA
Término de materia o nombre geográfico como elemento inicial Trabajos manuales infantiles
Fuente del encabezamiento o término ARMARC
650 17 - • PUNTO DE ACCESO ADICIONAL DE MATERIA - TÉRMINO DE MATERIA
Término de materia o nombre geográfico como elemento inicial Arquitectura
Subdivisión de forma Experimentos
Fuente del encabezamiento o término ARMARC
700 1# - • PUNTO DE ACCESO ADICIONAL - NOMBRE DE PERSONA
Nombre de persona Araujo, Jesús,
Término indicativo de función editor
942 ## - ENTRADA DE ELEMENTOS AGREGADOS (KOHA)
Fuente de clasificaión o esquema Dewey Decimal Classification
Koha [por defecto] tipo de item LIbro

No hay ítems disponibles.










Instituto Departamental de Cultura del Meta - Red Departamental de Bibliotecas Públicas del Meta.